[Event "GER-ch U12"]
[Site "Oberhof"]
[Date "2011.06.15"]
[Round "7"]
[White "Usczeck, Alina"]
[Black "Ley, Sabrina"]
[Result "1-0"]
[WhiteElo "1219"]
[BlackElo "1156"]
[PlyCount "84"]
[EventDate "2011.06.11"]
[EventType "swiss"]
[EventRounds "11"]
[EventCountry "GER"]
[SourceTitle "CBM 142 Extra"]
[Source "ChessBase"]
[SourceDate "2011.06.27"]
[SourceVersion "1"]
[SourceVersionDate "2011.06.27"]
[SourceQuality "1"]

1. d4 e6 2. Nf3 d5 3. e3 Nf6 4. Bd3 Bd6 5. b3 c6 6. Bb2 Nbd7 7. Ne5 Qc7 8. f4 Bxe5 9. fxe5 Ng8 10. 0-0 Ne7 11. Nd2 Ng6 12. Qf3 f6 13. Qg4 f5 14. Qg5 Nb6 15. Ba3 Qf7 16. g4 h6 17. Qh5 Ne7 18. Qxf7+ Kxf7 19. Bxe7 Kxe7 20. gxf5 Rf8 21. fxe6 Bxe6 22. Rxf8 Rxf8 23. Rf1 Rg8 24. Bg6 Nd7 25. Nf3 b5 26. Nh4 a5 27. Bf5 Bxf5 28. Nxf5+ Ke6 29. Kg2 c5 30. Rf3 h5 31. Nh4 g5 32. Nf5 c4 33. Kg3 cxb3 34. cxb3 Nb6 35. Rf2 Kd7 36. Nd6 Kc6 37. Rc2+ Kd7 38. Nxb5 Ke6 39. Rc6+ Kf5 40. Rxb6 Ke4 41. Rf6 Kxe3 42. e6 Ke4 1-0